Music Quiz

Random Music or Artist Quiz

Famous Bands by Guitarist Quiz Stats

 Plays Quiz Updated Aug 4, 2015

Support Sporcle.
Go Orange.
Score 0/30 Timer 04:00
1 Play Today
% Correct
Nirvana
94.9%
Van Halen
94.7%
The Beatles
94.1%
The Ramones
92.9%
The Rolling Stones
90.6%
Guns n' Roses
89.8%
Led Zeppelin
87.6%
Cream
87.2%
The White Stripes
85.7%
The Who
85.2%
AC|DC
84.8%
U2
82.7%
Queen
80.9%
Fleetwood Mac
76.2%
Dire Straits
73.6%
% Correct
Aerosmith
73.3%
Pink Floyd
72.9%
Metallica
66.9%
Black Sabbath
60.8%
Red Hot Chili Peppers
60.3%
The Police
58.6%
The Kinks
58%
ZZ Top
57.8%
Deep Purple
53.8%
The Doors
49.5%
Rush
46.9%
R.E.M.
45.8%
James Gang
45.6%
The Smiths
44.2%
Radiohead
40.9%

From the Vault

Five-Letter Bands and Musicians II

by BanjoZebra

Music 4m
It's a shame that 90s boy band Five doesn't qualify.
Remove Ads.
Support Sporcle.
Get the best of Sporcle when you Go Orange. This ad-free experience offers more features, more stats, and more fun while also helping to support Sporcle. Thank you for becoming a member.

Show Comments

Extras

Top Quizzes Today


Score Distribution

Your Account Isn't Verified!

In order to create a playlist on Sporcle, you need to verify the email address you used during registration. Go to your Sporcle Settings to finish the process.

Report this User

Report this user for behavior that violates our Community Guidelines.

Details: